[Event "MCR mladeze 2014, H12"]
[Site "Kouty nad Desnou"]
[Date "2014.03.13"]
[Round "7"]
[White "Halamicek, Radek"]
[Black "Broz, Petr"]
[Result "1-0"]
[WhiteElo "1491"]
[BlackElo "1491"]
[PlyCount "87"]
[EventDate "2014.??.??"]

1. e4 c5 2. Nc3 Nc6 3. f4 d6 4. Nf3 g6 5. Bc4 Bg7 6. d3 e6 7. O-O Nge7 8. Bb3
O-O 9. Qe1 Nd4 10. Qh4 Nec6 11. Qg3 Qa5 12. Kh1 Nxb3 13. cxb3 Bxc3 14. bxc3
Qxc3 15. Bd2 Qxd3 16. Qh4 f6 17. Rae1 Nd4 18. Bc1 Nc2 19. Rd1 Qxe4 20. Rxd6 Qf5
21. Rfd1 h5 22. Qf2 Nb4 23. Nh4 Qc2 24. Qg3 Kh7 25. f5 g5 26. Bxg5 fxg5 27.
Qxg5 Nd5 28. Qxh5+ Kg7 29. Qg6+ Kh8 30. Qh6+ Kg8 31. Qg5+ Kh7 32. Qh5+ Kg7 33.
fxe6 Qxd1+ 34. Qxd1 Ne3 35. Rd7+ Bxd7 36. Qxd7+ Kh6 37. h3 Kg5 38. Qg7+ Kxh4
39. Qh6+ Kg3 40. Qxe3+ Kh4 41. Kh2 Kh5 42. Qxc5+ Kg6 43. g4 Rae8 44. e7 1-0

[Event "MCR mladeze 2014, H12"]
[Site "Kouty nad Desnou"]
[Date "2014.03.13"]
[Round "7"]
[White "Kopec, Ladislav"]
[Black "Havelka, Frantisek"]
[Result "1-0"]
[WhiteElo "1456"]
[BlackElo "1476"]
[PlyCount "45"]
[EventDate "2014.??.??"]

1. f4 d5 2. b3 e6 3. Bb2 Nf6 4. e3 Bd6 5. Nf3 O-O 6. Be2 Nc6 7. O-O Re8 8. Ne5
Nd7 9. d4 Ncxe5 10. fxe5 Be7 11. Bd3 f6 12. Qh5 Nf8 13. Nd2 f5 14. Rf3 Ng6 15.
Rh3 Nf8 16. Rf1 Bg5 17. Rff3 Bh6 18. Rfg3 Kh8 19. Ba3 Ng6 20. Kf2 f4 21. Rxg6
fxe3+ 22. Ke2 exd2 23. Rxg7 1-0

[Event "MCR mladeze 2014, H12"]
[Site "Kouty nad Desnou"]
[Date "2014.03.14"]
[Round "8"]
[White "Haase, Pavel"]
[Black "Sykora, Marek"]
[Result "1-0"]
[WhiteElo "1700"]
[BlackElo "1674"]
[PlyCount "37"]
[EventDate "2014.??.??"]

1. e4 e5 2. Nf3 Nc6 3. d4 exd4 4. Nxd4 Bc5 5. Be3 Qf6 6. c3 Qg6 7. Nd2 Bb6 8.
g3 Nf6 9. Bg2 d6 10. O-O Ne5 11. Qe2 O-O 12. f3 c6 13. Kh1 Qh5 14. g4 Qg6 15.
Nf5 Nd5 16. exd5 Bxf5 17. gxf5 Qxf5 18. Bxb6 axb6 19. Qe4 1-0

[Event "MCR mladeze 2014, H12"]
[Site "Kouty nad Desnou"]
[Date "2014.03.14"]
[Round "8"]
[White "Petr, Jakub"]
[Black "Vorisek, Jakub"]
[Result "1/2-1/2"]
[WhiteElo "1605"]
[BlackElo "1619"]
[PlyCount "31"]
[EventDate "2014.??.??"]

1. Nf3 d5 2. g3 c5 3. Bg2 Nc6 4. d4 e6 5. O-O Nf6 6. c4 Be7 7. cxd5 Nxd5 8.
dxc5 O-O 9. a3 Bxc5 10. Qc2 Be7 11. Rd1 Qc7 12. e4 Nf6 13. Bf4 e5 14. Bxe5 Qb6
15. Bxf6 Bxf6 16. Nc3 1/2-1/2

[Event "MCR mladeze 2014, H12"]
[Site "Kouty nad Desnou"]
[Date "2014.03.14"]
[Round "8"]
[White "Martirosyan, Ara"]
[Black "Svanda, Ondrej"]
[Result "1-0"]
[WhiteElo "1659"]
[BlackElo "1756"]
[PlyCount "69"]
[EventDate "2014.??.??"]

1. e4 c5 2. Nf3 g6 3. d4 cxd4 4. Qxd4 Nf6 5. e5 Nc6 6. Qa4 Nd5 7. Qe4 Nc7 8.
Nc3 Bg7 9. Bf4 O-O 10. O-O-O Ne6 11. Bc4 Nxf4 12. Qxf4 Qa5 13. Rd5 Qc7 14. Rhd1
e6 15. Rd6 Ne7 16. g4 b6 17. Bb5 Nc6 18. Bxc6 dxc6 19. Ne4 f5 20. exf6 Qf7 21.
Nfg5 Bh6 22. Rd8 Ba6 23. R1d7 Raxd8 24. Rxf7 Rxf7 25. h4 Rdf8 26. Qe5 Rd8 27.
Qxe6 Bxg5+ 28. Nxg5 Rdf8 29. Nxf7 Rxf7 30. g5 Bb5 31. c4 Ba6 32. Qe8+ Rf8 33.
Qxc6 Rf7 34. Qa8+ Rf8 35. Qxa7 1-0

[Event "MCR mladeze 2014, H12"]
[Site "Kouty nad Desnou"]
[Date "2014.03.14"]
[Round "8"]
[White "Ludvik, Tomas"]
[Black "Skalsky, Alexandr"]
[Result "0-1"]
[WhiteElo "1548"]
[BlackElo "1746"]
[PlyCount "96"]
[EventDate "2014.??.??"]

1. d4 Nf6 2. c4 d6 3. Nc3 Nbd7 4. Nf3 e5 5. e4 g6 6. Be2 Bg7 7. dxe5 dxe5 8.
O-O O-O 9. h3 b6 10. Be3 c6 11. Qd6 Bb7 12. Rfd1 Re8 13. Bg5 Re6 14. Qd3 Qc7
15. Rac1 Ree8 16. Qd6 Qxd6 17. Rxd6 h6 18. Be3 Bf8 19. Rdd1 Rad8 20. Bd3 Kg7
21. Bb1 Bc5 22. Bxc5 Nxc5 23. Rxd8 Rxd8 24. Nxe5 Re8 25. f4 Nh5 26. Rf1 Re7 27.
Ng4 Ng3 28. Re1 Nh5 29. b4 Na6 30. b5 Nc5 31. bxc6 Bxc6 32. Ne5 Ba8 33. Rf1 Ng3
34. Re1 Nh5 35. Nd5 Bxd5 36. cxd5 Nxf4 37. Nc6 Rd7 38. Kh2 g5 39. Kg3 Kf8 40.
h4 f6 41. hxg5 fxg5 42. Rf1 Rf7 43. Ne5 Ne2+ 44. Kg4 Rxf1 45. Bd3 Rf4+ 46. Kh5
Nxd3 47. Nxd3 Rxe4 48. Kxh6 Rd4 0-1

[Event "MCR mladeze 2014, H12"]
[Site "Kouty nad Desnou"]
[Date "2014.03.14"]
[Round "8"]
[White "Dolansky, Lukas"]
[Black "Nehyba, Martin"]
[Result "0-1"]
[WhiteElo "1590"]
[BlackElo "1629"]
[PlyCount "64"]
[EventDate "2014.??.??"]

1. e4 e5 2. Nf3 Nc6 3. d4 exd4 4. Nxd4 Bc5 5. Be3 Qf6 6. c3 Nge7 7. Be2 O-O 8.
O-O d5 9. Nxc6 Qxc6 10. Bxc5 Qxc5 11. Nd2 Be6 12. Nb3 Qb6 13. Bd3 Rad8 14. Qh5
Ng6 15. e5 c5 16. Nd2 c4 17. Bc2 Qxb2 18. Rac1 h6 19. Rfd1 Qxc3 20. Bxg6 fxg6
21. Qxg6 Qxe5 22. Re1 Qf6 23. Rxe6 Qxf2+ 24. Kh1 Qxd2 25. Rce1 Qf2 26. h3 Qf7
27. Qg3 Rfe8 28. Qg4 Rxe6 29. Rxe6 Re8 30. Rxh6 Re1+ 31. Kh2 Qc7+ 32. g3 Qf7
0-1

[Event "MCR mladeze 2014, H12"]
[Site "Kouty nad Desnou"]
[Date "2014.03.14"]
[Round "8"]
[White "Vraj, Ondrej"]
[Black "Halamicek, Radek"]
[Result "0-1"]
[WhiteElo "1509"]
[BlackElo "1491"]
[PlyCount "52"]
[EventDate "2014.??.??"]

1. e4 c5 2. Nf3 e6 3. d4 cxd4 4. Nxd4 Nf6 5. Nc3 Nc6 6. Ndb5 Bc5 7. Nd6+ Ke7 8.
Nc4 d5 9. exd5 exd5 10. Na3 Re8 11. Be2 Kf8 12. O-O d4 13. Na4 Bd6 14. Nb5 Kg8
15. Bf3 Bb8 16. Bxc6 bxc6 17. Nxd4 Nd5 18. Nxc6 Bxh2+ 19. Kxh2 Qc7+ 20. Kg1
Qxc6 21. b3 Bb7 22. f3 Rad8 23. Rf2 Nc3 24. Qf1 Ba6 25. Re2 Nxe2+ 26. Kf2 Qf6
0-1

[Event "MCR mladeze 2014, H12"]
[Site "Kouty nad Desnou"]
[Date "2014.03.14"]
[Round "8"]
[White "Nemec, David"]
[Black "Fojt, Petr"]
[Result "1/2-1/2"]
[WhiteElo "1570"]
[BlackElo "1373"]
[PlyCount "50"]
[EventDate "2014.??.??"]

1. e4 c5 2. c3 d6 3. d4 cxd4 4. cxd4 Nf6 5. Nc3 Nc6 6. Nf3 Bg4 7. Be2 e6 8. Be3
Be7 9. O-O O-O 10. Rc1 Rc8 11. Qb3 Na5 12. Qa4 d5 13. exd5 exd5 14. h3 Bd7 15.
Qd1 Nc4 16. Nxd5 Nxb2 17. Nxe7+ Qxe7 18. Qb3 Na4 19. Ne5 Nb6 20. Bf3 Ba4 21.
Qb2 Nfd5 22. Rfe1 Rxc1 23. Rxc1 f6 24. Nc4 Nxe3 25. Nxe3 Rd8 1/2-1/2

[Event "MCR mladeze 2014, H12"]
[Site "Kouty nad Desnou"]
[Date "2014.03.14"]
[Round "8"]
[White "Mladek, Richard"]
[Black "Riha, Vojtech"]
[Result "1/2-1/2"]
[WhiteElo "1685"]
[BlackElo "1526"]
[PlyCount "47"]
[EventDate "2014.??.??"]

1. e4 e5 2. f4 Bc5 3. Nf3 d6 4. Nc3 Nc6 5. Na4 Bb6 6. Nxb6 axb6 7. Bb5 Bd7 8.
O-O Nge7 9. d4 Nxd4 10. Bxd7+ Qxd7 11. Nxd4 exd4 12. Qxd4 O-O 13. b3 Nc6 14.
Qc3 f6 15. Bb2 Rf7 16. a4 Re8 17. Rae1 Rfe7 18. Qg3 Kh8 19. Qd3 Nb4 20. Qc4 Nc6
21. Qd3 Nb4 22. Qc4 Nc6 23. Rf3 d5 24. Rff1 1/2-1/2

[Event "MCR mladeze 2014, H12"]
[Site "Kouty nad Desnou"]
[Date "2014.03.14"]
[Round "8"]
[White "Kopec, Ladislav"]
[Black "Ocko, Dominik"]
[Result "1/2-1/2"]
[WhiteElo "1456"]
[BlackElo "1490"]
[PlyCount "43"]
[EventDate "2014.??.??"]

1. f4 d5 2. b3 Nf6 3. Bb2 g6 4. e3 Bg7 5. Nf3 O-O 6. Be2 c5 7. O-O Nc6 8. Qe1
Re8 9. Ne5 Qc7 10. d3 Nd7 11. Qf2 Rf8 12. d4 cxd4 13. exd4 Ncxe5 14. fxe5 Qxc2
15. Ba3 Qf5 16. Qxf5 gxf5 17. Bxe7 Re8 18. Bd6 a6 19. Rxf5 Nxe5 20. Rxe5 Bxe5
21. dxe5 Be6 22. Nc3 1/2-1/2

[Event "MCR mladeze 2014, H12"]
[Site "Kouty nad Desnou"]
[Date "2014.03.14"]
[Round "8"]
[White "Demko, Robert"]
[Black "Zak, Daniel"]
[Result "1-0"]
[WhiteElo "1576"]
[BlackElo "1403"]
[PlyCount "31"]
[EventDate "2014.??.??"]

1. d4 d5 2. c4 e6 3. Nc3 Be7 4. cxd5 exd5 5. Qc2 g6 6. Nf3 Nf6 7. Bh6 Bf5 8.
Qb3 b6 9. Bg7 Rg8 10. Bxf6 Bxf6 11. Qxd5 Qxd5 12. Nxd5 Bg7 13. Nxc7+ Kd7 14.
Nxa8 Nc6 15. Nxb6+ axb6 16. e3 1-0

[Event "MCR mladeze 2014, H12"]
[Site "Kouty nad Desnou"]
[Date "2014.03.14"]
[Round "8"]
[White "Polansky, Adam Lubos"]
[Black "Klubal, Jiri"]
[Result "1/2-1/2"]
[WhiteElo "1542"]
[BlackElo "1561"]
[PlyCount "142"]
[EventDate "2014.??.??"]

1. e4 e5 2. Nf3 Nc6 3. Bb5 a6 4. Ba4 Nf6 5. O-O Be7 6. Re1 b5 7. Bb3 O-O 8. c3
d5 9. exd5 Nxd5 10. Nxe5 Nxe5 11. Rxe5 c6 12. d4 Bd6 13. Re1 Qh4 14. g3 Qh3 15.
Qf3 Bg4 16. Qg2 Qh5 17. Be3 Rae8 18. Nd2 Re6 19. Bd1 Rg6 20. Bxg4 Qxg4 21. Nf3
f5 22. Nh4 Rgf6 23. Qf3 Qh3 24. Qg2 Qg4 25. f4 Nxf4 26. Bxf4 Bxf4 27. Qf3 Qxf3
28. Nxf3 Bd6 29. Ne5 Bxe5 30. dxe5 Re6 31. Rad1 Rfe8 32. Rd7 R8e7 33. Rxe7 Rxe7
34. Kf2 Kf7 35. Kf3 Ke6 36. Kf4 h6 37. h4 Rd7 38. Re2 Rd1 39. Kf3 Rf1+ 40. Kg2
Rd1 41. Kf3 Rf1+ 42. Kg2 Rd1 43. Kf2 Rd5 44. b3 Rxe5 45. Rd2 Rd5 46. Re2+ Kf7
47. c4 bxc4 48. bxc4 Rd4 49. Re5 Rxc4 50. Rxf5+ Ke6 51. Ra5 Rc2+ 52. Ke3 Rc3+
53. Kf4 Rc4+ 54. Kf3 Rc3+ 55. Kg4 Rc4+ 56. Kh5 c5 57. Rxa6+ Kf7 58. a4 Rc1 59.
a5 Ra1 60. Ra7+ Kf8 61. Ra8+ Kf7 62. a6 Ra3 63. a7 c4 64. g4 c3 65. g5 hxg5 66.
hxg5 g6+ 67. Kg4 c2 68. Rc8 Rxa7 69. Rxc2 Ra4+ 70. Kf3 Ra5 71. Kf4 Ra4+ 1/2-1/2

[Event "MCR mladeze 2014, H12"]
[Site "Kouty nad Desnou"]
[Date "2014.03.14"]
[Round "8"]
[White "Broz, Petr"]
[Black "Havelka, Frantisek"]
[Result "1-0"]
[WhiteElo "1491"]
[BlackElo "1476"]
[PlyCount "57"]
[EventDate "2014.??.??"]

1. e4 c5 2. Nf3 e6 3. c4 a6 4. Nc3 Nc6 5. Be2 Qc7 6. O-O Nf6 7. d4 cxd4 8. Nxd4
Be7 9. Be3 O-O 10. Rc1 d6 11. Nd5 Qd8 12. Nxe7+ Qxe7 13. f3 d5 14. Nb3 dxe4 15.
Bc5 Qe8 16. Bxf8 Qxf8 17. fxe4 Nxe4 18. Bf3 Nf6 19. Nd4 Qc5 20. Bxc6 bxc6 21.
Kh1 Bb7 22. Nb3 Qb6 23. Qd4 Qc7 24. Rcd1 h6 25. Nc5 Rb8 26. Rxf6 gxf6 27. Qxf6
h5 28. Rd7 Rd8 29. Qxf7+ 1-0

[Event "MCR mladeze 2014, H12"]
[Site "Kouty nad Desnou"]
[Date "2014.03.15"]
[Round "9"]
[White "Petr, Jakub"]
[Black "Haase, Pavel"]
[Result "0-1"]
[WhiteElo "1605"]
[BlackElo "1700"]
[PlyCount "133"]
[EventDate "2014.??.??"]

1. e4 c5 2. Nf3 d6 3. d4 cxd4 4. Qxd4 Nc6 5. Bb5 Bd7 6. Bxc6 Bxc6 7. Nc3 Nf6 8.
Bg5 e6 9. O-O-O Be7 10. Qd3 O-O 11. Nd4 Bd7 12. f4 a6 13. Nf3 Bc6 14. Nd4 Be8
15. Qg3 Kh8 16. e5 Nh5 17. Bxe7 Qxe7 18. Qe3 dxe5 19. fxe5 Qh4 20. g3 Qg4 21.
Ne4 f5 22. Nd6 Bc6 23. Nxc6 bxc6 24. Qc5 f4 25. gxf4 Qxf4+ 26. Kb1 Kg8 27. Rde1
Qf3 28. Qc4 Qd5 29. Qxd5 cxd5 30. Rhf1 Nf4 31. Kc1 Ng6 32. Rxf8+ Rxf8 33. Re2
Nf4 34. Re1 Ng6 35. Re2 Rf4 36. Kd2 Rf3 37. Nb7 Rf5 38. Nc5 Nxe5 39. Nxa6 Nc4+
40. Kc3 e5 41. b3 Nd6 42. Nc5 Nb5+ 43. Kd2 Nd4 44. Rg2 Nf3+ 45. Ke2 e4 46. Ne6
g5 47. c3 h6 48. Nd4 Rf7 49. Ke3 Rc7 50. Rc2 Ne5 51. Ne6 Rc6 52. Nd4 Rf6 53. h3
g4 54. Rg2 h5 55. hxg4 Nxg4+ 56. Ke2 Kf7 57. a4 Ra6 58. Rg1 Kg6 59. Rh1 Kg5 60.
Kf1 Rf6+ 61. Kg1 e3 62. a5 Rf2 63. b4 e2 64. Nxe2 Rxe2 65. Kf1 Ra2 66. Rh3 h4
67. Rd3 0-1

[Event "MCR mladeze 2014, H12"]
[Site "Kouty nad Desnou"]
[Date "2014.03.15"]
[Round "9"]
[White "Sykora, Marek"]
[Black "Martirosyan, Ara"]
[Result "0-1"]
[WhiteElo "1674"]
[BlackElo "1659"]
[PlyCount "78"]
[EventDate "2014.??.??"]

1. e4 c5 2. c3 d5 3. exd5 Qxd5 4. d4 Nc6 5. Nf3 Bf5 6. Be3 Nf6 7. Na3 cxd4 8.
Nxd4 Nxd4 9. Qxd4 Qxd4 10. Bxd4 e5 11. Bxe5 O-O-O 12. f4 Bxa3 13. bxa3 Rhe8 14.
Bb5 Bd7 15. Bxd7+ Nxd7 16. O-O-O Nxe5 17. Rxd8+ Kxd8 18. fxe5 Rxe5 19. Rd1+ Kc7
20. Rd2 Kc6 21. Kc2 b5 22. Kb3 Re4 23. Rf2 f6 24. Rf3 a5 25. Rg3 g6 26. Rf3 f5
27. Rh3 h5 28. Rg3 a4+ 29. Kc2 Rg4 30. Kd2 Rxg3 31. hxg3 Kd5 32. Kd3 g5 33. Ke3
Kc4 34. Kd2 h4 35. gxh4 gxh4 36. Ke3 Kxc3 37. Kf4 Kb2 38. Kxf5 Kxa2 39. Kg4
Kxa3 0-1

[Event "MCR mladeze 2014, H12"]
[Site "Kouty nad Desnou"]
[Date "2014.03.15"]
[Round "9"]
[White "Skalsky, Alexandr"]
[Black "Vorisek, Jakub"]
[Result "1-0"]
[WhiteElo "1746"]
[BlackElo "1619"]
[PlyCount "45"]
[EventDate "2014.??.??"]

1. e4 e5 2. Nf3 Nc6 3. Bc4 Nf6 4. Ng5 d5 5. exd5 b5 6. Bb3 Nd4 7. O-O Nxb3 8.
axb3 Bb7 9. c4 Bd6 10. Nc3 bxc4 11. bxc4 c6 12. Qb3 Qd7 13. Nge4 Nxe4 14. Nxe4
Bc8 15. c5 Bf8 16. d6 f5 17. Ng5 f4 18. Re1 Qf5 19. Rxe5+ Qxe5 20. Qf7+ Kd8 21.
Qc7+ Ke8 22. Qxc6+ Kd8 23. Nf7# 1-0

[Event "MCR mladeze 2014, H12"]
[Site "Kouty nad Desnou"]
[Date "2014.03.15"]
[Round "9"]
[White "Nehyba, Martin"]
[Black "Ludvik, Tomas"]
[Result "1-0"]
[WhiteElo "1629"]
[BlackElo "1548"]
[PlyCount "101"]
[EventDate "2014.??.??"]

1. e4 e6 2. d4 d5 3. Nc3 Bb4 4. a3 Bxc3+ 5. bxc3 dxe4 6. Qg4 Nf6 7. Qxg7 Rg8 8.
Qh6 Rg6 9. Qh4 c5 10. Ne2 Nc6 11. Bb2 h5 12. Qf4 Qd5 13. Qd2 Qd6 14. g3 Bd7 15.
Bg2 O-O-O 16. Nf4 Rg4 17. O-O-O Be8 18. f3 exf3 19. Bxf3 Rg8 20. Nxh5 Nxh5 21.
Bxh5 Qd5 22. Be2 f6 23. c4 Qg5 24. Qxg5 Rxg5 25. d5 Nd4 26. Bxd4 cxd4 27. Rxd4
exd5 28. Rhd1 Bh5 29. Bxh5 Rxh5 30. h4 Re5 31. cxd5 Re3 32. R4d3 Rde8 33. Rxe3
Rxe3 34. Rd3 Re1+ 35. Kd2 Rg1 36. c4 b6 37. Kc3 Kd7 38. Kd4 Rc1 39. Rc3 Rd1+
40. Ke4 Kd6 41. Kf5 Rf1+ 42. Kg6 Rf2 43. h5 f5 44. h6 Rh2 45. Rf3 Rh3 46. h7
Ke7 47. Rxf5 Rxg3+ 48. Rg5 Rh3 49. Rh5 Rg3+ 50. Kh6 Kf7 51. h8=Q 1-0

[Event "MCR mladeze 2014, H12"]
[Site "Kouty nad Desnou"]
[Date "2014.03.15"]
[Round "9"]
[White "Halamicek, Radek"]
[Black "Svanda, Ondrej"]
[Result "1-0"]
[WhiteElo "1491"]
[BlackElo "1756"]
[PlyCount "149"]
[EventDate "2014.??.??"]

1. e4 c5 2. Nc3 g6 3. g3 Nc6 4. Bg2 Bg7 5. d3 d6 6. f4 e6 7. Nf3 Nge7 8. O-O
O-O 9. Ne2 b5 10. h3 a5 11. g4 Rb8 12. Ng3 Nd4 13. c3 Nxf3+ 14. Rxf3 b4 15. c4
Nc6 16. f5 Nd4 17. Rf1 Qh4 18. Kh2 Be5 19. Bf4 Bxf4 20. Rxf4 exf5 21. exf5 Nxf5
22. Nxf5 Bxf5 23. Qf3 Be6 24. Rf1 Qg5 25. Qf2 Qe5 26. Kh1 f5 27. Be4 g5 28. Rf3
f4 29. h4 Bxg4 30. hxg5 Bxf3+ 31. Qxf3 Kh8 32. Qh3 Qg7 33. g6 Rf6 34. Rg1 Rg8
35. Rg4 Rxg6 36. Rxg6 Qxb2 37. Rxg8+ Kxg8 38. Qxh7+ Kf8 39. Qh6+ Ke7 40. Qxf4
Qxa2 41. Qg5+ Ke8 42. Bc6+ Kf7 43. Bd5+ Kf8 44. Qg8+ Ke7 45. Qf7+ Kd8 46. Qf6+
Kd7 47. Qe6+ Kd8 48. Qxd6+ Ke8 49. Qe6+ Kd8 50. Qf6+ Kd7 51. Qc6+ Kd8 52. Qxc5
Qa1+ 53. Kh2 Qb2+ 54. Kg3 Qg7+ 55. Kf3 Qf6+ 56. Ke2 Qb2+ 57. Ke3 Qe5+ 58. Kf2
Qb2+ 59. Kg3 Qe5+ 60. Kg2 Qe2+ 61. Qf2 Qg4+ 62. Qg3 Qe2+ 63. Kh3 Qf1+ 64. Kh4
Ke8 65. Qg8+ Ke7 66. Qe6+ Kf8 67. Qd6+ Ke8 68. Bc6+ Kf7 69. Bd7 Qe1+ 70. Kg5
Qg1+ 71. Bg4 Qe3+ 72. Qf4+ Qxf4+ 73. Kxf4 b3 74. Bd1 a4 75. Ke5 1-0

[Event "MCR mladeze 2014, H12"]
[Site "Kouty nad Desnou"]
[Date "2014.03.15"]
[Round "9"]
[White "Nemec, David"]
[Black "Demko, Robert"]
[Result "1/2-1/2"]
[WhiteElo "1570"]
[BlackElo "1576"]
[PlyCount "71"]
[EventDate "2014.??.??"]

1. e4 c5 2. c3 d5 3. exd5 Qxd5 4. d4 Nc6 5. Nf3 Bf5 6. Be3 cxd4 7. cxd4 Bxb1 8.
Rxb1 Nf6 9. a3 e6 10. Be2 Be7 11. O-O O-O 12. Rc1 Rfd8 13. Bc4 Qd6 14. Bb5 Rac8
15. Bxc6 Rxc6 16. Ne5 Rxc1 17. Qxc1 Nd5 18. Qc2 Bf6 19. Nc4 Qc6 20. Rc1 Rc8 21.
a4 a6 22. Na3 Qxc2 23. Rxc2 Rxc2 24. Nxc2 Kf8 25. Kf1 Ke7 26. Ke2 Kd6 27. Kd3
b5 28. axb5 axb5 29. b3 Bd8 30. Bd2 f5 31. f3 g5 32. Nb4 Nxb4+ 33. Bxb4+ Kd5
34. h3 Bf6 35. Bc3 h5 36. Bb2 1/2-1/2

[Event "MCR mladeze 2014, H12"]
[Site "Kouty nad Desnou"]
[Date "2014.03.15"]
[Round "9"]
[White "Fojt, Petr"]
[Black "Mladek, Richard"]
[Result "0-1"]
[WhiteElo "1373"]
[BlackElo "1685"]
[PlyCount "100"]
[EventDate "2014.??.??"]

1. d4 Nf6 2. c4 g6 3. Nf3 Bg7 4. Nc3 d6 5. e3 Nbd7 6. Be2 O-O 7. O-O c5 8. d5
a6 9. Re1 Qc7 10. Qc2 e5 11. e4 Ne8 12. Bg5 f6 13. Bh4 Nb6 14. Nd2 f5 15. a4
Bh6 16. h3 Qg7 17. a5 Nd7 18. Ra3 Bxd2 19. Qxd2 f4 20. f3 g5 21. Bf2 h5 22. Qd1
Kf7 23. Rb3 Rg8 24. Kf1 Nef6 25. Na4 Ke7 26. Nc3 Rb8 27. Ra3 Nf8 28. Bg1 g4 29.
hxg4 hxg4 30. Nb1 Nh5 31. Bf2 g3 32. Bg1 Ng6 33. Bd3 Nh4 34. Qd2 Rh8 35. Ke2
Nxg2 36. Rc1 Nf6 37. Kd1 Nh4 38. Qe2 Nxf3 39. Kc2 Nxg1 40. Rxg1 Ng4 41. Nd2 Rh2
42. Qf3 Ne3+ 43. Kc1 Bg4 44. Rxg3 fxg3 45. Qxe3 Rh1+ 46. Kc2 g2 47. Ra1 Rxa1
48. Nb1 Bd1+ 49. Kxd1 g1=Q+ 50. Qxg1 Qxg1+ 0-1

[Event "MCR mladeze 2014, H12"]
[Site "Kouty nad Desnou"]
[Date "2014.03.15"]
[Round "9"]
[White "Ocko, Dominik"]
[Black "Dolansky, Lukas"]
[Result "0-1"]
[WhiteElo "1490"]
[BlackElo "1590"]
[PlyCount "134"]
[EventDate "2014.??.??"]

1. e4 e5 2. Nf3 Nc6 3. Bb5 Bc5 4. c3 Nf6 5. d3 O-O 6. Nbd2 d6 7. O-O Bg4 8. h3
Bh5 9. Re1 Bb6 10. Nf1 Nd7 11. Ng3 Bg6 12. Nh2 f5 13. exf5 Bxf5 14. Be3 Qf6 15.
Qe2 Kh8 16. Nxf5 Qxf5 17. Qg4 Qf7 18. Nf3 Nf6 19. Ng5 Nxg4 20. Nxf7+ Rxf7 21.
hxg4 Raf8 22. Bxb6 axb6 23. f3 h6 24. Bxc6 bxc6 25. Re4 Rf4 26. Rae1 Kg8 27.
Kf2 Rxe4 28. Rxe4 Kf7 29. Ra4 Ke6 30. Ra7 Kd7 31. a4 c5 32. a5 bxa5 33. Rxa5
Rb8 34. Ra2 d5 35. Ke3 Ke6 36. Ra6+ Rb6 37. Rxb6+ cxb6 38. d4 exd4+ 39. cxd4
Kd6 40. Kd3 Kc6 41. dxc5 bxc5 42. Kc3 Kb5 43. Kb3 d4 44. Kc2 Kb4 45. b3 d3+ 46.
Kxd3 Kxb3 47. Kd2 c4 48. Kc1 c3 49. g3 c2 50. f4 Kc3 51. g5 hxg5 52. f5 Kd3 53.
g4 Ke4 54. Kxc2 Kf4 55. Kd3 Kxg4 56. Ke3 Kxf5 57. Kf3 g4+ 58. Kg3 Kg5 59. Kg2
Kf4 60. Kf2 g3+ 61. Kg2 Kg4 62. Kg1 Kf3 63. Kh1 g2+ 64. Kg1 g6 65. Kh2 Kf2 66.
Kh3 g1=Q 67. Kh4 Qg3# 0-1

[Event "MCR mladeze 2014, H12"]
[Site "Kouty nad Desnou"]
[Date "2014.03.15"]
[Round "9"]
[White "Klubal, Jiri"]
[Black "Kopec, Ladislav"]
[Result "1/2-1/2"]
[WhiteElo "1561"]
[BlackElo "1456"]
[PlyCount "31"]
[EventDate "2014.??.??"]

1. e4 c5 2. Nf3 Nc6 3. d4 cxd4 4. Nxd4 e5 5. Nb5 a6 6. Nd6+ Bxd6 7. Qxd6 Qf6 8.
Qxf6 Nxf6 9. Nc3 d5 10. Nxd5 Nxd5 11. exd5 Nb4 12. Bd3 Nxd3+ 13. cxd3 Bf5 14.
O-O O-O 15. Be3 Rfd8 16. d4 1/2-1/2

[Event "MCR mladeze 2014, H12"]
[Site "Kouty nad Desnou"]
[Date "2014.03.15"]
[Round "9"]
[White "Havelka, Frantisek"]
[Black "Riha, Vojtech"]
[Result "1/2-1/2"]
[WhiteElo "1476"]
[BlackElo "1526"]
[PlyCount "43"]
[EventDate "2014.??.??"]

1. d4 d5 2. e3 c5 3. c3 Nc6 4. f4 Bf5 5. Be2 e6 6. Nf3 Nf6 7. O-O Be7 8. Nbd2
c4 9. Ne5 Nxe5 10. fxe5 Ne4 11. Bg4 Bg5 12. Nxe4 Bxe4 13. Bf3 Bd3 14. Be2 Bxe2
15. Qxe2 O-O 16. e4 Bxc1 17. Raxc1 Qe7 18. exd5 exd5 19. Rf3 Rae8 20. Re1 b5
21. Re3 Qe6 22. Qh5 1/2-1/2

[Event "MCR mladeze 2014, H12"]
[Site "Kouty nad Desnou"]
[Date "2014.03.15"]
[Round "9"]
[White "Zak, Daniel"]
[Black "Vraj, Ondrej"]
[Result "1/2-1/2"]
[WhiteElo "1403"]
[BlackElo "1509"]
[PlyCount "37"]
[EventDate "2014.??.??"]

1. d4 d5 2. Nf3 Nf6 3. Bf4 e6 4. e3 Be7 5. Bd3 O-O 6. Nbd2 Nbd7 7. c3 b6 8. Qc2
h6 9. h4 c5 10. O-O-O c4 11. Be2 b5 12. Rdg1 Ng4 13. Rf1 a5 14. Nh2 Nxh2 15.
Rxh2 b4 16. g4 bxc3 17. Qxc3 Bb7 18. Qc2 Bb4 19. g5 1/2-1/2

[Event "MCR mladeze 2014, H12"]
[Site "Kouty nad Desnou"]
[Date "2014.03.15"]
[Round "9"]
[White "Polansky, Adam Lubos"]
[Black "Broz, Petr"]
[Result "1-0"]
[WhiteElo "1542"]
[BlackElo "1491"]
[PlyCount "87"]
[EventDate "2014.??.??"]

1. d4 d5 2. c4 e6 3. Nc3 Nf6 4. Bg5 Be7 5. Nf3 h6 6. Bh4 O-O 7. e3 b6 8. cxd5
Nxd5 9. Bxe7 Qxe7 10. Nxd5 exd5 11. Be2 Bf5 12. O-O Nd7 13. Rc1 Nf6 14. Ne5 c5
15. b3 Rfe8 16. Bb5 Bd7 17. Bxd7 Nxd7 18. Nxd7 cxd4 19. Nxb6 axb6 20. Qxd4 Qe6
21. Rc2 Ra3 22. Rfc1 Rea8 23. Qd2 Qf6 24. h3 Qe5 25. Rc8+ Rxc8 26. Rxc8+ Kh7
27. Rc2 Qa1+ 28. Kh2 Qe5+ 29. g3 h5 30. h4 g5 31. Qd3+ Kh6 32. Rc6+ f6 33. Rc8
Qe4 34. hxg5+ Kxg5 35. Qxe4 dxe4 36. Rc2 Kg4 37. Kg2 h4 38. gxh4 Kxh4 39. Rc4
Rxa2 40. Rxe4+ Kg5 41. Rb4 Ra6 42. Kf3 Kf5 43. Rb5+ Ke6 44. Ke4 1-0

[Event "MCR mladeze 2014, H14"]
[Site "Kouty nad Desnou"]
[Date "2014.03.08"]
[Round "1"]
[White "Vykouk, Jan"]
[Black "Lojek, Marek"]
[Result "1/2-1/2"]
[WhiteElo "2088"]
[BlackElo "1776"]
[PlyCount "55"]
[EventDate "2014.??.??"]

1. e4 e5 2. Nf3 Nc6 3. Bb5 a6 4. Ba4 Nf6 5. O-O Be7 6. Re1 b5 7. Bb3 O-O 8. h3
d6 9. c3 Na5 10. Bc2 c5 11. d4 cxd4 12. cxd4 Nc6 13. Nc3 Qc7 14. Be3 Rb8 15.
Rc1 Qb7 16. Bb1 Bd8 17. dxe5 Nxe5 18. Nxe5 dxe5 19. Nd5 Be6 20. Bc5 Re8 21. Bd6
Rc8 22. Rxc8 Bxc8 23. Qd3 g6 24. Nc3 Bb6 25. Qf3 Kg7 26. Ne2 Re6 27. Bb4 Nh5
28. Ng3 1/2-1/2

[Event "MCR mladeze 2014, H14"]
[Site "Kouty nad Desnou"]
[Date "2014.03.08"]
[Round "1"]
[White "Pulpan, Matej"]
[Black "Miesbauer, Jan"]
[Result "1/2-1/2"]
[WhiteElo "1774"]
[BlackElo "1991"]
[PlyCount "104"]
[EventDate "2014.??.??"]

1. e4 c5 2. c3 d5 3. exd5 Qxd5 4. d4 e6 5. Nf3 Nf6 6. Be3 cxd4 7. cxd4 Be7 8.
Nc3 Qa5 9. Bb5+ Bd7 10. Bxd7+ Nbxd7 11. O-O O-O 12. a3 Rfd8 13. b4 Qh5 14. Qb3
Nb6 15. Rfd1 Nbd5 16. Rac1 Nxc3 17. Qxc3 Nd5 18. Qb3 h6 19. Ne5 Bd6 20. Nf3 Qf5
21. h3 Qf6 22. Nd2 Qe7 23. Ne4 Rac8 24. Nc3 Nxc3 25. Rxc3 Rxc3 26. Qxc3 Bb8 27.
Qb3 Qd6 28. g3 Qd5 29. Qd3 Qf3 30. Kh2 h5 31. h4 Qd5 32. Bg5 f6 33. Be3 Rc8 34.
Rc1 Rxc1 35. Bxc1 Kf7 36. Be3 a6 37. Qd1 Qf5 38. Qa4 Qd5 39. Qd1 g6 40. Qa4 Ke7
41. Qc2 Kf7 42. Qc8 Ba7 43. Bh6 e5 44. Qf8+ Ke6 45. Qe8+ Kf5 46. Qc8+ Qe6 47.
Qxb7 Qa2 48. Qd7+ Ke4 49. Qc6+ Kf5 50. Qf3+ Ke6 51. Bg7 Bxd4 52. Qc6+ Ke7
1/2-1/2

[Event "MCR mladeze 2014, H14"]
[Site "Kouty nad Desnou"]
[Date "2014.03.08"]
[Round "1"]
[White "Anaskin, Arsenij"]
[Black "Sedlak, Jiri"]
[Result "1-0"]
[WhiteElo "1977"]
[BlackElo "1753"]
[PlyCount "55"]
[EventDate "2014.??.??"]

1. e4 c5 2. Nf3 Nc6 3. d4 cxd4 4. Nxd4 g6 5. Nc3 Bg7 6. Nde2 Nf6 7. g3 O-O 8.
Bg2 d6 9. O-O a6 10. a4 Qc7 11. Nd5 Nxd5 12. exd5 Ne5 13. Nd4 Re8 14. h3 Nc4
15. Re1 Qb6 16. c3 Bd7 17. Ra2 Rac8 18. Re2 Qc7 19. Bg5 e5 20. dxe6 fxe6 21. b3
Ne5 22. c4 Nxc4 23. bxc4 e5 24. Nf3 Qxc4 25. Nxe5 Qc7 26. Nxd7 Qxd7 27. Qd5+
Kh8 28. Qxb7 1-0